Bitch Better Have My Money - Rihanna - All Lyrics - Statistics

General Stats
  • This quiz has been taken 185 times
  • The average score is 313 of 372
Answer Stats
Answer % Correct
Bitch
100%
Bitch,
100%
(Bitch
100%
bitch,
100%
bitch
100%
better
99%
have
99%
money
99%
my
99%
my)
99%
My
99%
Yo,
97%
you
96%
a
95%
me
95%
me,
95%
I
92%
Like
91%
like
91%
n***a,
89%
Y'all
89%
don't
88%
Don’t
88%
the
88%
what
88%
Pay
86%
bla,
85%
bra,
85%
bra
85%
on
85%
on?
85%
shot
85%
y'all
85%
your
84%
call
83%
forgot
83%
act
81%
to
79%
in
78%
In
78%
y'all
78%
owe
76%
shots,
75%
shots
75%
give
74%
of
74%
Who
74%
and
71%
just
71%
LeBron
71%
know
70%
think
70%
car
69%
wife
69%
brand
67%
it's
67%
new
67%
all
66%
backseat
65%
XIII,
65%
foreign
64%
top
64%
top,
64%
Louis
63%
bigger
62%
off
62%
Shit,
62%
should
62%
than
62%
that
62%
That
62%
knock
61%
well
61%
Where
61%
(Where
61%
enough
60%
Kamikaze,
59%
bought
58%
at?
57%
at?)
57%
frontin'
57%
if
56%
gon'
52%
bluff
49%
fuckin'
48%
Rihanna
48%
up
48%
Ballin'
47%
Please
46%
time
45%
wasted
44%
whole
44%
am
43%
club
43%
drop
43%
playin'
42%
Every
41%
thing
41%
while
41%
only
40%
Turn
38%
mirror
33%
by,
29%
racin'
28%
rearview
27%
doin'
26%
hundred,
26%
Hold
8%
No matching quizzes found
Score Distribution
Percent of People with Each Score
Percentile by Number Answered
Your Score History
You have not taken this quiz